Mamotreto en que van enquaderanados todos los semaneros granadinos o gazetillas (Record no. 51612)
[ view plain ]
| 000 -LEADER | |
|---|---|
| campo de control de longitud fija | 00772nam a2200181 i 4500 |
| 001 - NÚMERO DE CONTROL | |
| campo de control | 51612 |
| 003 - IDENTIFICADOR DE NÚMERO DE CONTROL | |
| campo de control | ES-MaACL |
| 005 - FECHA Y HORA DE LA ÚLTIMA TRANSACCIÓN | |
| campo de control | 20251011063106.0 |
| 007 - CAMPO FIJO DE DESCRIPCIÓN FÍSICA--INFORMACIÓN GENERAL | |
| campo de control de longitud fija | t| |
| 008 - DATOS DE LONGITUD FIJA--INFORMACIÓN GENERAL | |
| campo de control de longitud fija | 030814s1765 sp ||||1| spa d |
| 100 0# - ENTRADA PRINCIPAL--NOMBRE DE PERSONA | |
| Nombre de persona | Chica Benavides, Antonio de la, |
| Títulos y otros términos asociados al nombre | (O.SS.T.) |
| 9 (RLIN) | 38477 |
| 245 10 - MENCIÓN DEL TÍTULO | |
| Título | Mamotreto en que van enquaderanados todos los semaneros granadinos o gazetillas |
| Resto del título | : que han salido desde el lunes 9 de Abril de 1764 hasta el lunes 17 de junio de 1765 / |
| Mención de responsabilidad, etc. | su autor Antonio de la Chica Benavides. |
| 260 ## - PUBLICACIÓN, DISTRIBUCIÓN, ETC. | |
| Lugar de publicación, distribución, etc. | Granada : |
| Nombre del editor, distribuidor, etc. | Fr. Francisco Joseph de los Rios, |
| Fecha de publicación, distribución, etc. | 1765. |
| 300 ## - DESCRIPCIÓN FÍSICA | |
| Extensión | 209 h. ; |
| Dimensiones | 20 cm. |
| 500 ## - NOTA GENERAL | |
| Nota general | El encabezamiento de cada gazetilla tiene la granada o el escudo de Granada. |
| 852 ## - LOCALIZACIÓN | |
| Ubicación | ES-MaACL |
| Número de control de estantería | R-349 |
| Encuadernación | Olim: D-2499 |
| Estatus retirado | Estado de pérdida | Estado de daño | No para préstamo | Colección | Biblioteca de origen | Biblioteca actual | Ubicación en estantería | Fecha de adquisición | Fuente de adquisición | Total de préstamos | Signatura topográfica completa | Código de barras | Visto por última vez | Precio de reemplazo | Tipo de ítem Koha |
|---|---|---|---|---|---|---|---|---|---|---|---|---|---|---|---|
| Libros del s. XVIII | Biblioteca del Ateneo de Madrid | Biblioteca del Ateneo de Madrid | Depósito | 17/01/2008 | R-349 | 1054277 | 23/02/2023 | 23/02/2023 | Libro impreso antiguo |
